000 00609nam a22002297a 4500
005 20170124110115.0
010 _a085093
020 _c00.00
035 _a085093
037 _bCen Lib/Ret
040 _aDPL
_bEN
082 _a915.15
_bHAI
100 _aHaimendorf, C.F.
_929900
245 _aHimalayan barbary /
_cby C.F. Haimendorf
260 _aLondon
_bJohn Murray
_c1955
270 _aAlbemarle Street
_bLondon
300 _axiv,241p.
_c20cm(Hb)
500 _aIncludes index
650 _aEthnology
_929901
650 _aIndic states
_929902
942 _2ddc
_cEN
_h915.15
_mHAI
999 _c130709
_d130709